[Event "Colonia del Sacramento op 3rd"]
[Site "Colonia del Sacramento"]
[Date "2022.05.20"]
[Round "?"]
[White "De la Torre, Andres"]
[Black "Reherman, Lucas"]
[Result "1-0"]
[WhiteElo "1669"]
[BlackElo "1618"]
[PlyCount "59"]
[EventDate "2022.05.20"]
[EventType "swiss"]
[EventRounds "5"]
[EventCountry "URU"]
[SourceTitle "CBM 208 Extra"]
[Source "ChessBase"]
[SourceDate "2022.07.31"]
[SourceVersion "1"]
[SourceVersionDate "2022.07.31"]
[SourceQuality "1"]

1. Nf3 Nc6 2. g3 e5 3. d3 Bc5 4. Bg2 d6 5. 0-0 Bg4 6. c3 Qd7 7. Qb3 a5 8. d4 a4 9. Qxb7 Rb8 10. Qa6 exd4 11. Nxd4 Nxd4 12. cxd4 Bb6 13. Nc3 Nf6 14. Nxa4 0-0 15. Nxb6 Rxb6 16. Qd3 Re8 17. f3 Bf5 18. e4 Bh3 19. b3 d5 20. e5 Nh5 21. g4 Bxg2 22. Kxg2 Rg6 23. Kh1 Rxg4 24. fxg4 Qxg4 25. Rg1 Qh4 26. Bg5 Qf2 27. Raf1 Qxa2 28. Qf3 f6 29. Qxh5 Qa1 30. Qxe8# 1-0

[Event "Montevideo Duchamp Cup 5th"]
[Site "Montevideo"]
[Date "2022.02.16"]
[Round "6"]
[White "Castro, Cesar"]
[Black "De la Torre, Andres"]
[Result "1-0"]
[WhiteElo "2097"]
[BlackElo "1680"]
[PlyCount "29"]
[EventDate "2022.02.12"]
[EventType "swiss"]
[EventRounds "9"]
[EventCountry "URU"]
[SourceTitle "CBM 206 Extra"]
[Source "ChessBase"]
[SourceDate "2022.03.31"]
[SourceVersion "1"]
[SourceVersionDate "2022.03.31"]
[SourceQuality "1"]

1. e4 d6 2. d4 g6 3. Nc3 Nf6 4. Bg5 Bg7 5. e5 dxe5 6. dxe5 Qxd1+ 7. Rxd1 Ng4 8. h3 Nxe5 9. Nd5 0-0 10. Nxc7 Nbc6 11. Nxa8 Bf5 12. Nc7 Bxc2 13. Rd2 Nb4 14. Bxe7 Rc8 15. Bxb4 1-0

[Event "URU-ch sf"]
[Site "Montevideo"]
[Date "2017.02.28"]
[Round "8"]
[White "Suarez, Pedro Martin"]
[Black "De la Torre, Andres"]
[Result "1/2-1/2"]
[WhiteElo "1785"]
[BlackElo "1692"]
[PlyCount "28"]
[EventDate "2017.02.24"]
[EventType "swiss"]
[EventRounds "8"]
[EventCountry "URU"]
[SourceTitle "EXT 2018"]
[Source "ChessBase"]
[SourceDate "2017.10.13"]
[SourceVersion "1"]
[SourceVersionDate "2017.10.13"]
[SourceQuality "1"]

1. d4 Nf6 2. c4 g6 3. Nc3 Bg7 4. e4 d6 5. Nf3 0-0 6. Be2 c6 7. 0-0 Nbd7 8. Qc2 Qc7 9. Rd1 e5 10. dxe5 dxe5 11. b3 Nc5 12. Ba3 Nfd7 13. Ne1 Re8 14. Nd3 Ne6 1/2-1/2

[Event "URU-ch sf"]
[Site "Montevideo"]
[Date "2017.02.25"]
[Round "2"]
[White "Rodriguez Farias, Victor Hugo"]
[Black "De la Torre, Andres"]
[Result "1-0"]
[WhiteElo "1859"]
[BlackElo "1692"]
[PlyCount "61"]
[EventDate "2017.02.24"]
[EventType "swiss"]
[EventRounds "8"]
[EventCountry "URU"]
[SourceTitle "CBM 177 Extra"]
[Source "ChessBase"]
[SourceDate "2017.04.27"]
[SourceVersion "1"]
[SourceVersionDate "2017.04.27"]
[SourceQuality "1"]

1. c4 Nf6 2. Nc3 g6 3. g3 Bg7 4. Bg2 c6 5. e4 e5 6. Nf3 d6 7. d3 Nbd7 8. 0-0 0-0 9. h3 Nc5 10. Be3 Ne6 11. d4 Nd7 12. d5 cxd5 13. Nxd5 Ndc5 14. Ne1 f5 15. exf5 gxf5 16. Qh5 f4 17. Bxc5 Nxc5 18. b4 Ne6 19. Be4 Ng5 20. Bc2 Nxh3+ 21. Kg2 Ng5 22. Rh1 Bf5 23. Bxf5 Rxf5 24. Nf3 fxg3 25. Nxg5 Rxg5 26. Qxh7+ Kf8 27. fxg3 Qc8 28. Raf1+ Ke8 29. Qg8+ Kd7 30. Rf7+ Kc6 31. Ne7+ 1-0

[Event "Montevideo Duchamp Cup 1st"]
[Site "Montevideo"]
[Date "2017.02.13"]
[Round "7"]
[White "Carnebia, Aniel"]
[Black "De la Torre, Andres"]
[Result "1/2-1/2"]
[WhiteElo "1495"]
[BlackElo "1692"]
[PlyCount "99"]
[EventDate "2017.02.09"]
[EventType "swiss"]
[EventRounds "9"]
[EventCountry "URU"]
[SourceTitle "CBM 176 Extra"]
[Source "ChessBase"]
[SourceDate "2017.03.02"]
[SourceVersion "1"]
[SourceVersionDate "2017.03.02"]
[SourceQuality "1"]

1. d4 Nf6 2. h3 b6 3. Bf4 Bb7 4. e3 e6 5. Nf3 c5 6. Be2 cxd4 7. Qxd4 Nc6 8. Qd1 d5 9. c3 Bd6 10. Bxd6 Qxd6 11. Nbd2 Rd8 12. Nb3 0-0 13. Nbd4 Nxd4 14. Nxd4 e5 15. Nf3 d4 16. cxd4 Bxf3 17. Bxf3 exd4 18. Qxd4 Qxd4 19. exd4 Rfe8+ 20. Be2 Rxd4 21. Rd1 Rde4 22. Rd2 Nd7 23. f3 R4e5 24. Kf2 Nf6 25. Rhd1 g6 26. Bc4 b5 27. Bf1 a5 28. Rd8 Kf8 29. Rxe8+ Nxe8 30. a3 Ke7 31. Rc1 Kd6 32. Rc2 h6 33. f4 Rc5 34. Rd2+ Kc6 35. g3 Nd6 36. Bg2+ Kc7 37. h4 b4 38. axb4 axb4 39. Re2 b3 40. Ke1 Rc1+ 41. Kd2 Rc5 42. Kd3 Nf5 43. g4 Nxh4 44. Bh3 f5 45. Re5 Rc2 46. gxf5 Nxf5 47. Bxf5 gxf5 48. Rxf5 Rxb2 49. Kc3 Rb1 50. Rh5 1/2-1/2

[Event "URU-chT Interclubes Serie B"]
[Site "Montevideo"]
[Date "2016.09.24"]
[Round "4.22"]
[White "Silva Rosas, Natalia"]
[Black "De la Torre, Andres"]
[Result "1-0"]
[WhiteElo "1812"]
[BlackElo "1694"]
[PlyCount "51"]
[EventDate "2016.09.23"]
[EventType "swiss"]
[EventRounds "5"]
[EventCountry "URU"]
[SourceTitle "EXT 2024"]
[Source "ChessBase"]
[SourceDate "2023.10.10"]
[SourceVersion "1"]
[SourceVersionDate "2023.10.10"]
[SourceQuality "1"]

1. e4 g6 2. d4 d6 3. f4 Nf6 4. Nc3 Bg7 5. Nf3 c6 6. e5 dxe5 7. fxe5 Nd5 8. Bc4 Be6 9. Bd3 a5 10. Ng5 Nxc3 11. bxc3 Qc8 12. 0-0 Bg4 13. Qe1 Be6 14. Qh4 h6 15. Ne4 g5 16. Qh5 0-0 17. Bxg5 Bg4 18. Qh4 f5 19. Bc4+ e6 20. Nd6 Qd7 21. Be7 b5 22. Bd3 Rf7 23. Nxf7 Kxf7 24. Bd6 Na6 25. Qxg4 Rg8 26. Qh5# 1-0

[Event "URU-ch Amateur"]
[Site "Colonia del Sacramento"]
[Date "2016.07.15"]
[Round "1.1"]
[White "Kimelman, Gabriel"]
[Black "De la Torre, Andres"]
[Result "1-0"]
[WhiteElo "2167"]
[BlackElo "1661"]
[PlyCount "93"]
[EventDate "2016.07.15"]
[EventType "swiss"]
[EventRounds "7"]
[EventCountry "URU"]
[SourceTitle "EXT 2024"]
[Source "ChessBase"]
[SourceDate "2023.10.10"]
[SourceVersion "1"]
[SourceVersionDate "2023.10.10"]
[SourceQuality "1"]

1. c4 Nf6 2. g3 e5 3. Bg2 Bc5 4. e3 0-0 5. Ne2 Nc6 6. Nbc3 d6 7. a3 a5 8. h3 Bd7 9. 0-0 Qc8 10. Kh2 e4 11. Nxe4 Nxe4 12. Bxe4 Bxh3 13. Bg2 Be6 14. d4 Bxc4 15. dxc5 Ne5 16. Bh3 Be6 17. Bxe6 Qxe6 18. Nf4 Qh6+ 19. Kg2 dxc5 20. Qd5 Qc6 21. Qxc6 bxc6 22. Bd2 Rfb8 23. Rfc1 c4 24. Bc3 Nd3 25. Nxd3 cxd3 26. Bd4 Ra6 27. Rd1 c5 28. Bxc5 Rxb2 29. Rxd3 h6 30. e4 Rc6 31. Rc1 f6 32. Rdc3 Kf7 33. Be3 Rxc3 34. Rxc3 Rb7 35. Bf4 Ke6 36. Bxc7 a4 37. Ba5 Rb5 38. Bb4 Ke5 39. Kf3 Kd4 40. Rc7 f5 41. exf5 Rxf5+ 42. Kg4 Rg5+ 43. Kf4 g6 44. g4 Rd5 45. Rc6 h5 46. Rxg6 hxg4 47. Rd6 1-0

[Event "URU-ch Seniors"]
[Site "Montevideo"]
[Date "2016.06.19"]
[Round "4"]
[White "De la Torre, Andres"]
[Black "Castro, Cesar"]
[Result "0-1"]
[WhiteElo "1630"]
[BlackElo "2073"]
[PlyCount "72"]
[EventDate "2016.06.17"]
[EventType "swiss"]
[EventRounds "5"]
[EventCountry "URU"]
[SourceTitle "EXT 2017"]
[Source "ChessBase"]
[SourceDate "2016.10.25"]
[SourceVersion "1"]
[SourceVersionDate "2016.10.25"]
[SourceQuality "1"]

1. e4 c5 2. f4 d6 3. Nf3 Nc6 4. c3 Nf6 5. d3 g6 6. Be2 Bg7 7. 0-0 Rb8 8. h3 b5 9. Be3 b4 10. Qc1 c4 11. Nbd2 cxd3 12. Bxd3 0-0 13. Nd4 Qd7 14. Nxc6 Qxc6 15. cxb4 Qa4 16. b3 Qxb4 17. a3 Qb7 18. Ra2 Bd7 19. Rc2 Rfc8 20. Qb1 Rxc2 21. Bxc2 Qa6 22. Qa2 Qe2 23. Rf3 Rc8 24. Qb1 Rc3 25. Bd4 Rxf3 26. Nxf3 Bxh3 27. gxh3 Qxf3 28. Qf1 Qg3+ 29. Kh1 Bh6 30. Bxf6 exf6 31. f5 Bf4 32. Qg2 Qe1+ 33. Qg1 Qc3 34. Qg2 Qe1+ 35. Qg1 Qd2 36. Qg2 Qc1+ 0-1

[Event "American Continental 11th"]
[Site "Montevideo"]
[Date "2015.05.21"]
[Round "8"]
[White "De la Torre, Andres"]
[Black "Garcia la Rosa, Lorena Estefania"]
[Result "0-1"]
[WhiteElo "1699"]
[BlackElo "2017"]
[PlyCount "116"]
[EventDate "2015.05.15"]
[EventType "swiss"]
[EventRounds "11"]
[EventCountry "URU"]
[SourceTitle "CBM 167"]
[Source "ChessBase"]
[SourceDate "2015.07.13"]
[SourceVersion "1"]
[SourceVersionDate "2015.07.13"]
[SourceQuality "1"]

1. g3 c5 2. Bg2 Nc6 3. d3 g6 4. e4 e5 5. f4 d6 6. Nc3 Bg7 7. Nf3 Nge7 8. 0-0 0-0 9. fxe5 dxe5 10. Be3 Nd4 11. Ne2 b6 12. Nexd4 cxd4 13. Bd2 Ba6 14. Ne1 Qd7 15. Qc1 Rac8 16. Bh6 Rc6 17. Bxg7 Kxg7 18. a4 Rfc8 19. b4 Rc3 20. Qg5 Qe6 21. Bh3 Qd6 22. Bxc8 Bxc8 23. Rf2 h6 24. Qc1 Qxb4 25. Nf3 Nc6 26. Qf1 Be6 27. Qb1 Qc5 28. Qf1 Nb4 29. Ne1 a5 30. g4 Nxc2 31. Nxc2 Rxc2 32. Rxc2 Qxc2 33. h3 Bd7 34. Rb1 Bxa4 35. Rxb6 Qd1 36. Qxd1 Bxd1 37. Kf2 a4 38. Ra6 g5 39. Ke1 Bb3 40. Kd2 f6 41. Ra7+ Kg6 42. Ke1 h5 43. Kd2 hxg4 44. hxg4 Be6 45. Rxa4 Bxg4 46. Ra6 Bf3 47. Ke1 g4 48. Kf2 Kg5 49. Kg3 f5 50. exf5 Kxf5 51. Kf2 e4 52. Ra5+ Kf4 53. dxe4 g3+ 54. Kg1 Bxe4 55. Ra7 d3 56. Rf7+ Ke3 57. Ra7 g2 58. Rd7 d2 0-1